000
00278nam a22001217a 4500
003
SGT
082
_a
158.3
_b
D11T
100
_a
TIMULAK, LADISLAV
245
_a
DEVELOPING YOUR COUNSELLING & PSYCHOTHERAPY
260
_a
ANGELES
_b
SAGE
_c
2011
300
_a
240
942
_2
ddc
_c
BK
999
_c
15054
_d
15054